00405nam a2200145Ia 450000500170000000800460001703700120006304000200007504100130009508400210010810000210012924500500015026000500020030000090025020250508151420.0008 250505s9999 xx 000 0 eng d aTextual aFEDLbengcFEDL aeng2eng a321.8, DAVqFEDL aDavies A. Powell 0aMan's vast future : A definition of democracy aNew York, USAbFarrar, Straus and Youngc1951 a58p.